000 00709nam a22002297a 4500
005 20210401134403.0
008 210401b ||||| |||| 00| 0 eng d
020 _a9788186384435
040 _aIN-DiNC
_cIN-DiNC
041 _dasm
082 _a491.451
_bBHA
245 _aBhasa aru sahitya:
_bbichar aru bishleshan/
_cedited by Dipti Phukan Patgiri, Smritirekha Bhuyan and Monalisha Bora
250 _a1st ed.
260 _aGuwahati:
_bAssam publishing company,
_c2017
300 _a380p.
650 _aLanguages of Assam
650 _aAssamese literature
700 _aPatgiri, Dipti Phukan
_eEditor
700 _aBhuyan, Smritirekha
_eEditor
700 _aBora, Monalisha
_eEditor
942 _2ddc
_cBK
999 _c11168
_d11168